Privatizacija v razvivajuščichsja stranach.
Skúmanie konkrétneho mechanizmu privatizácie v rozvojových krajinách, osobitne v krajinách s vyššou a strednou úrovňou rozvoja a v krajinách s najnižším stupňom rozvoja. Vplyv inštitucionálnych a sociálno-kultúrnych faktorov na privatizáciu.
Salvato in:
| Autore principale: | |
|---|---|
| Natura: | Capitolo di libro |
| Lingua: | russo |
| Soggetti: | |
| Tags: |
Nessun Tag, puoi essere il primo ad aggiungerne!!
|
MARC
| LEADER | 00000naa a2200000 4500 | ||
|---|---|---|---|
| 001 | r010407 | ||
| 005 | 20221130113233.6 | ||
| 041 | 0 | |a rus | |
| 044 | |a [SU] | ||
| 245 | 1 | 0 | |a Privatizacija v razvivajuščichsja stranach. |c S. Žukov |
| 520 | |a Skúmanie konkrétneho mechanizmu privatizácie v rozvojových krajinách, osobitne v krajinách s vyššou a strednou úrovňou rozvoja a v krajinách s najnižším stupňom rozvoja. Vplyv inštitucionálnych a sociálno-kultúrnych faktorov na privatizáciu. | ||
| 610 | 2 | 0 | |a privatizácia |
| 610 | 2 | 0 | |a krajiny rozvojové |
| 610 | 2 | 0 | |a India |
| 610 | 2 | 0 | |a Mexiko |
| 610 | 2 | 0 | |a Čile |
| 610 | 2 | 0 | |a Južná Kórea |
| 610 | 2 | 0 | |a Taiwan |
| 610 | 2 | 0 | |a Afrika |
| 100 | 1 | |a Žukov, S. | |